000 00502nam a2200169 4500
001 123469
003 ES-MaACL
005 20230906192158.0
007 t|
008 070214s1968 sp r ||||1| spa d
100 1 _aQuijada Alcázar, Eduardo.
_994613
245 1 3 _aEl estado y la historia
_b: notas para una ciencia /
_cEduardo Quijada Alcázar.
250 _a1ª. ed.
260 _aMurcia :
_b[s.n.],
_c1968 (
_fImp. Guirao)
300 _a470 p. ;
_c22 cm.
852 _aES-MaACL
_jC-35558
_bR.68197
999 _c123469
_d123469